|
|
|
|
| LEADER |
00000nam a2200000 4500 |
| 001 |
vtls012280951 |
| 003 |
SK-MaSNL |
| 005 |
20260301192937.0 |
| 008 |
250806s1723 gw a f 000 0 ger |
| 015 |
|
|
|a SNBHFA
|
| 040 |
|
|
|a SNKHF
|b slo
|c SNKHF
|e rda
|
| 041 |
0 |
|
|a ger
|
| 044 |
|
|
|a gw
|c DE
|
| 072 |
|
7 |
|a 82
|x Literatúra. Literárny život
|2 konspekt
|
| 080 |
|
|
|a 82
|2 2011
|
| 080 |
|
|
|a (047.53)
|2 2011
|
| 100 |
1 |
|
|a Fassmann, David,
|d 1683 - 1744
|4 aut
|9 373861
|
| 245 |
1 |
0 |
|a Gespräche In Dem Reiche derer Todten, Zwischen Zweyen weltberühmten, gantz sonderbaren Männern, nemlich, Dem Cardinal Bellarmino, Und Dem Englischen Ertz-Bischoff von Canterbury, Thomas Crammer, Der sein Leben elendiglich auf dem Scheiter-Hauffen endigne müssen, Worinnen, nebst der denckwürdigen Historie beyder grossen Männer, viele wunderliche Begebenheiten und artige Discurse enthalten. Samt dem Kern derer neuesten Merckwürdigkeiten, und darüber gemachten sehr curieusen Reflexionen
|n Sechs und Funffzigste Entrevuë
|
| 264 |
|
1 |
|a Leipzig
|b bey denen Cörnerischen Erben, unter Herrn Johann Schwabens Hause, in der Grimmischen Gasse
|c 1723
|
| 300 |
|
|
|a 3 nečíslované strany, strany 558 - 644, 2 nečíslované strany
|b ilustrácia
|c 4°
|
| 336 |
|
|
|a text
|b txt
|2 rdacontent
|
| 337 |
|
|
|a bez média
|b n
|2 rdamedia
|
| 338 |
|
|
|a zväzok
|b nc
|2 rdacarrier
|
| 500 |
|
|
|a Signet, vinety, vlysy, ozdobná iniciálka na 6 riadkov
|
| 501 |
|
|
|a Príväzok 7. k: FASMANN, David. Gespräche In Dem Reiche derer Todten. Neun und Vierzigste Entrevuë. Leipzig: bey denen Cörnerischen Erben in der Grimmischen Gaße, unter Hrn. Joh. Schwabens Hause, 1722. 4°.
|5 SNK IC 146461/49-64
|
| 504 |
|
|
|a Kustody
|
| 510 |
4 |
|
|a VD18 11446560
|
| 546 |
|
|
|a Nemčina
|b Fraktura
|
| 650 |
0 |
7 |
|a literatúra
|2 SNKPH
|9 1427
|
| 655 |
|
7 |
|a rozhovory
|2 SNKPH
|9 31831
|
| 700 |
1 |
|
|a Koerner, Johann Christian,
|c dedičia
|4 pbl
|9 373919
|
| 700 |
1 |
|
|a Bellarmino, Roberto,
|c svätý,
|d 1542-1621
|4 aut
|9 173739
|
| 700 |
1 |
|
|a Cranmer, Thomas,
|d 1489 - 1556
|4 aut
|9 571754
|
| 710 |
0 |
0 |
|a Koerner, Johann Christian - dedičia (Lipsko, Nemecko),
|d 1701 - 1724
|4 pbl
|9 373921
|
| 752 |
|
|
|a Nemecko
|d Lipsko
|
| 852 |
|
|
|a snk
|b Zaiova knižnica
|p IC 146461/49-64/prív.7
|
| 958 |
|
|
|a DD
|
| 958 |
|
|
|a ONDV
|
| 999 |
|
|
|c 875596
|d 877526
|
| 952 |
|
|
|t snk2025/12739
|a SNK
|b SNK
|c SNK_HF
|y PREZ
|7 0
|p 17A1568126
|o snkIC 146461/49-64/prív.7
|i snk2025/12739
|8 5
|0 0
|1 0
|4 0
|d 2025-08-06
|l 0
|r 2026-02-24 05:56:48
|w 2026-02-24
|